000 00684nam a22002177a 4500
999 _c1355
_d1355
003 AR-CdUCM
008 190226b ||||| |||| 00| 0 spa d
020 _a847232222X
040 _aMUNICIPALIDAD PROVINCIAL DEL CUSCO
_cBIBLIOTECA MUNICIPAL DEL CUSCO
082 _22ed. revisada
_a861 /
_bQ68
100 _aQuiñones, Fernando
_95187
245 _aEn vida /
260 _aMadrid :
_bEdiciones cultura hispanica,
_c1974.
300 _a83 páginas
_c20 cm.
440 _aColección poetica Leopoldo Panero
_n0
_95188
500 _aPremio de poesía "Leopoldo Panero" 1963.
650 _aLiteratura hispanica
_95189
650 _aPoesía
_9139
942 _2ddc
_cLIBROS
945 _azta